000
00285nmm a2200097Ia 4500
008
220120s9999||||xx |||||||||||||||||und||
020
_a
0-07-044580-X
100
_a
Meier, Michael, L
245
0
_a
Introduction to material science
260
_a
Tata mcgraw hill company Ltd
_b
New Delhi
_c
2012
999
_c
139765
_d
139765